00650naa a22001577a 4500003000400000005001700004008004100021040000800062080001200070100012400082245012400206260001000330500002600340650003800366773008800404BPK20160404103549.0160217b1979 pl ||||| |||| 00| 0 pol  cBPK a94(438) aPOLAK, Bogusław.d 1979 - 1996.bWyższa Szkoła Inżynierska w Koszalinie - Studium Nauk Społeczno - Politycznych. aBibliografia dotycząca udziału młodzieży w Powstaniu wielkopolskim (1918-1919) /cIrena Mamczak, Bogusław Polak. c1979. aDane z kartoteki bpp. 0aPowstanie 1918 r. wielkopolskie.  iW :tZ dziejów ruchu młodzieżowego w Wielkopolsce. -gPoznań, 1979, s. 77-94